Word Ladder: Japanese Takeout Quiz Stats

 Plays Quiz Updated Aug 30, 2012

Support Sporcle.
Go Orange.
Score 0/21 Timer 02:00
0 Plays Today
Hint Answer % Correct
Closed hand, for strikingFIST
94.7%
Aquatic sushi ingredient魚 FISH
93.6%
Light fogMIST
93.4%
Contest of speedRACE
92.3%
Popular Japanese liquor酒 SAKE
92.3%
Gather leavesRAKE
91.3%
Dream or desireWISH
91.2%
Beach's featureSAND
90.9%
Sticky white staple御飯 RICE
88.3%
Relay a messageSEND
86.4%
AscendRISE
86%
Hint Answer % Correct
Having one's witsSANE
85.7%
In Asia, done right-to-leftREAD
84.8%
DiscerningWISE
82%
Cleaning agentSOAP
81.2%
HindquartersREAR
80.8%
Tear asunderREND
79%
Mighty shoutROAR
77.9%
Warm liquid dish吸物 SOUP
77.3%
Transcend gravitySOAR
75.1%
Paste used for broth味噌 MISO
62.9%

Today's Daily Dose

Word Ladder
ING Words

Get the Picture
Nearest Volcano

From the Vault

TV Show by Running Joke

by Bolafssonify

Why did the TV show run across the road?
Remove Ads.
Support Sporcle.
Get the best of Sporcle when you Go Orange. This ad-free experience offers more features, more stats, and more fun while also helping to support Sporcle. Thank you for becoming a member.

Show Comments

Extras

Top Quizzes Today


Score Distribution

Your Account Isn't Verified!

In order to create a playlist on Sporcle, you need to verify the email address you used during registration. Go to your Sporcle Settings to finish the process.

Report this User

Report this user for behavior that violates our Community Guidelines.

Details: